000
00316nam a2200121Ia 4500
008
220216s9999 xx 000 0 und d
245
0
_a
Meeting the demands of the market with tyre rubber
260
_b
Planters Bulletin
_c
1972
300
_a
41-43
650
_a
Rubber industry
650
_a
Tyre rubber
942
_c
JS
999
_c
62814
_d
62814